| 000 | 00601nam a2200229 i 4500 | ||
|---|---|---|---|
| 001 | bgj | ||
| 100 | 1 | _aPARETSKY, Sara. | |
| 245 | 1 | 0 |
_aBurn marks / _cSara Paretsky. |
| 260 |
_aNew York : _bA Dell Book, _c1991. |
||
| 300 |
_a340, [12] pp. ; _c18 cm. |
||
| 490 | 1 | _aV. I. Warshawski Mystery | |
| 650 | 9 | _aWomen private investigators | |
| 650 | 9 | _aDetective and mystery stories | |
| 655 | _aFiction | ||
| 830 | _aV. I. Warshawski Mystery | ||
| 020 | _a0440208459 | ||
| 040 | _cBPK | ||
| 041 | 0 | _aeng | |
| 920 | _a0-440-20845-9 | ||
| 942 | _cKS | ||
| 008 | s uk f |000 0 eng | ||
| 999 |
_c48387 _d48387 |
||
| 856 |
_uhttp://koha.tu.koszalin.pl/cgi-bin/koha/opac-detail.pl?biblionumber=48387 _yKatalog online BPK |
||